Chocolate (Record no. 44921)

MARC details
000 -Etiqueta do registo
Valores 00488nam a2200169 4500
100 ## - Dados gerais de processamento
Dados gerais 20251010 pory50
101 ## - Língua de publicação
Língua por
-- ing
102 ## - País de publicação
País PT
200 ## - Titulo e menção de responsabilidade
Título próprio Chocolate
Primeira menção de responsabilidade realiz. Lasse Hallström
Outras menções de responsabilidade act.s Juliette Binoche , Jidi Dench , Jonny Depp , ... [et al.]
210 ## - Publicação
Local de publicação [s.l.]
Nome do editor dist. LNK Audiovisuais
-- Miramax International
Data de publicação 2001
215 ## - Descrição física 
Paginação / Volumes 1 DVD
300 ## - Notas gerais 
Texto da nota 116 m<br/>M/12
675 ## - CDU
Notação 821.111(73)-31
801 ## - Fonte de origem
País PT
Regras de catalogação RPC
990 ## - Elementos KOHA
Tipo de documento Filme DVD
Holdings
Aquisição Empréstimo Código de barras Cota Permissão de empréstimo Tipo de documento Nota relativa ao exemplar
Biblioteca Escolar Doutor Hernâni Cidade Biblioteca Escolar Doutor Hernâni Cidade 81061 ROM HAL   Filme DVD 546 Filme baseado numa obra da escritora Joanne Harris

Powered by Koha